2事業者以上地下ホームを管轄する駅 - Statistics

General Stats
  • This quiz has been taken 306 times
    289 since last reset
  • The average score is 27 of 43
Answer Stats
駅名 地下ホームを管轄する鉄道事業者 % Correct
新宿 東京メトロ、都営、京王、小田急
94%
東京 JR東日本、東京メトロ
89%
大手町 東京メトロ、都営
86%
新橋 JR東日本、東京メトロ、都営
85%
上野 JR東日本、東京メトロ
84%
飯田橋 東京メトロ、都営
82%
横浜 東急、横浜市交
82%
浅草 東京メトロ、都営
81%
仙台 JR東日本、仙台市交
80%
九段下 東京メトロ、都営
80%
押上 東京メトロ、京成
79%
神保町 東京メトロ、都営
77%
新宿三丁目 東京メトロ、都営
76%
日本橋 東京メトロ、都営
74%
門前仲町 東京メトロ、都営
72%
六本木 東京メトロ、都営
71%
秋葉原 東京メトロ、TX
71%
日比谷 東京メトロ、都営
70%
清澄白河 東京メトロ、都営
70%
新横浜 東急・相鉄、横浜市交
70%
市ケ谷 東京メトロ、都営
68%
東銀座 東京メトロ、都営
66%
住吉 東京メトロ、都営
65%
中野坂上 東京メトロ、都営
64%
本郷三丁目 東京メトロ、都営
63%
八丁堀 JR東日本、東京メトロ
61%
青山一丁目 東京メトロ、都営
61%
人形町 東京メトロ、都営
59%
月島 東京メトロ、都営
59%
東新宿 東京メトロ、都営
59%
麻布十番 東京メトロ、都営
57%
新御徒町 都営、TX
54%
湘南台 相鉄、横浜市交
53%
日吉 東急、横浜市交
48%
成田空港 JR東日本、京成
45%
淀屋橋 京阪、OsakaMetro
43%
空港第2ビル JR東日本、京成
43%
北浜 京阪、OsakaMetro
36%
天満橋 京阪、OsakaMetro
36%
天空橋 京急、東京モノレール
31%
桜川 阪神、OsakaMetro
28%
新開地 阪神、神戸電鉄
28%
板宿 山陽電鉄、神戸市交
20%
No matching quizzes found
Score Distribution
Percent of People with Each Score
Percentile by Number Answered
Your Score History
You have not taken this quiz since the last reset